000
00487nam a2200145Ia 4500
008
100122s9999 xx 000 0 und d
082
_b
28226
_a
823
100
_a
रांगणेकर कुमुदिनी
245
_a
स्वप्नाळू प्रीत
260
_b
शशीदिप प्रकाशन
_c
1905
300
_a
192
630
_a
स्वप्नाळू प्रीत
730
_a
स्वप्नाळू प्रीत
942
_c
BOOK
999
_c
413977
_d
413974